Name a Valid Country - NOT Canada - Statistics

General Stats
  • This quiz has been taken 78 times
  • The average score is 14 of 16
Answer Stats
Possible Hint Answer % Correct
13 Has recorded a temperature below -50°C Afghanistan | Austria | China | Denmark (incl. Greenland) | Finland | Italy | Kazakhstan | Kyrgyzstan | Mongolia | Norway | Russia | Sweden | United States
99%
7 Has hosted the Olympics outside of Europe Australia | Brazil | China | Japan | Mexico | South Korea | United States
99%
8 Has won over 50 gold medals at the Winter Olympics Austria | Germany | Netherlands | Norway | Soviet Union | Sweden | Switzerland | United States
99%
5 Area exceeds 5 million km² Australia | Brazil | China | Russia | United States
97%
16 Flag that is red and white only Austria | Bahrain | Denmark | Georgia | Indonesia | Japan | Latvia | Monaco | Peru | Poland | Qatar | Singapore | Switzerland | Tonga | Tunisia | Turkey
97%
7 Coastline exceeds 20,000 km (CIA) Australia | Denmark (incl. Greenland) | Indonesia | Japan | Norway | Philippines | Russia
94%
9 First ten countries to legalize same-sex marriage Argentina | Belgium | Iceland | Netherlands | Norway | Portugal | South Africa | Sweden | Spain
93%
6 Export value for maple syrup over $1M CAD Denmark | France | Germany | Netherlands | United Kingdom | United States
89%
2 Birthplace of a British PM outside the modern-day UK Ireland | United States
86%
6 Produces over 175,000 tons of lentils annually Australia | Bangladesh | India | Nepal | Russia | Turkey
79%
24 Has a higher HDI than all bordering countries^ Bangladesh | Brunei | Chile | Denmark | Djibouti | Dominican Republic | Ecuador | El Salvador | Estonia | Gabon | Ghana | Greece | Ireland | Israel | Kenya | Libya | Norway | Panama | Qatar | South Africa | South Korea | Spain | Switzerland | United Arab Emirates
77%
2 Capital begins with an "O" Burkina Faso | Norway
76%
2 Ice hockey is the most popular spectator sport Finland | Latvia
75%
7 Age to drink/purchase alcohol varies by jurisdiction* Angola | F.S. Micronesia | India | Nigeria | Switzerland | United Arab Emirates | United Kingdom
73%
16 Uses a dollar currency adopted by no other country Bahamas | Barbados | Belize | Brunei | Fiji | Guyana | Jamaica | Liberia | Namibia | New Zealand | Singapore | Solomon Islands | Suriname | Taiwan | Trinidad & Tobago | Tuvalu
73%
5 English and French are both official languages Burundi | Cameroon | Rwanda | Seychelles | Vanuatu
48%
No matching quizzes found
Score Distribution
Percent of People with Each Score
Percentile by Number Answered
Your Score History
You have not taken this quiz